000 00462nam a2200181Ia 4500
001 13869
005 20260306164832.0
008 260306t1999||||xx |||||||||||||| ||spa||
041 _aESP
082 _aS 005.43
_bH22
100 _aHarlow, Eric
_eAUT
245 0 _aDesarrollo de aplicaciones Linux con GTK+ y GDK:
_bGuía avanzada
260 _c1999
300 _avii, 496 páginas :
_c24 cm.
650 _aGEN
654 _aCCC
942 _cLIB
_dJUS
_fJUS
_2ddc
_n
999 _c13869
_d13869